<?xml version="1.0" encoding="UTF-8"?><?xml-stylesheet type="text/xsl" href="static/style.xsl"?><OAI-PMH xmlns="http://www.openarchives.org/OAI/2.0/" xmlns:xsi="http://www.w3.org/2001/XMLSchema-instance" xsi:schemaLocation="http://www.openarchives.org/OAI/2.0/ http://www.openarchives.org/OAI/2.0/OAI-PMH.xsd"><responseDate>2026-04-13T04:07:46Z</responseDate><request verb="GetRecord" identifier="oai:www.recercat.cat:2117/439484" metadataPrefix="marc">https://recercat.cat/oai/request</request><GetRecord><record><header><identifier>oai:recercat.cat:2117/439484</identifier><datestamp>2026-01-28T09:08:34Z</datestamp><setSpec>com_2072_1033</setSpec><setSpec>col_2072_452950</setSpec></header><metadata><record xmlns="http://www.loc.gov/MARC21/slim" xmlns:dcterms="http://purl.org/dc/terms/" xmlns:xsi="http://www.w3.org/2001/XMLSchema-instance" xmlns:doc="http://www.lyncode.com/xoai" xsi:schemaLocation="http://www.loc.gov/MARC21/slim http://www.loc.gov/standards/marcxml/schema/MARC21slim.xsd">
   <leader>00925njm 22002777a 4500</leader>
   <datafield ind2=" " ind1=" " tag="042">
      <subfield code="a">dc</subfield>
   </datafield>
   <datafield ind2=" " ind1=" " tag="720">
      <subfield code="a">Pan, Chao</subfield>
      <subfield code="e">author</subfield>
   </datafield>
   <datafield ind2=" " ind1=" " tag="720">
      <subfield code="a">Zhao, Zengfeng</subfield>
      <subfield code="e">author</subfield>
   </datafield>
   <datafield ind2=" " ind1=" " tag="720">
      <subfield code="a">Lin, Can</subfield>
      <subfield code="e">author</subfield>
   </datafield>
   <datafield ind2=" " ind1=" " tag="720">
      <subfield code="a">Yao, Lei</subfield>
      <subfield code="e">author</subfield>
   </datafield>
   <datafield ind2=" " ind1=" " tag="720">
      <subfield code="a">Xiao, Jianzhuang</subfield>
      <subfield code="e">author</subfield>
   </datafield>
   <datafield ind2=" " ind1=" " tag="720">
      <subfield code="a">Tošić, Nikola</subfield>
      <subfield code="e">author</subfield>
   </datafield>
   <datafield ind2=" " ind1=" " tag="260">
      <subfield code="c">2025-08</subfield>
   </datafield>
   <datafield ind2=" " ind1=" " tag="520">
      <subfield code="a">© &lt;2025> Elsevier. This manuscript version is made available under the CC-BY-NC-ND 4.0 license http://creativecommons.org/licenses/by-nc-nd/4.0/</subfield>
   </datafield>
   <datafield ind2=" " ind1=" " tag="520">
      <subfield code="a">The application of water jet technology on concrete has garnered widespread attention, as water jetting is an advanced technique with several unique advantages, including the absence of heat generation, high-efficiency material removal, and selective separation of materials. These benefits provide a solid foundation for its use in concrete applications. This study aims to review the existing literature (more than 160 references) on the application of water jet technology on concrete and discuss the limitations of current techniques. Based on various practical scenarios, this study divided the research and applications of water jet technology on concrete into three main categories: crushing, granulation, and surface treatment. Crushing involves the controlled erosion and removal of concrete using the impact kinetic energy of the water jet. Granulation refers to the process of liberating coarse and fine recycled aggregates from waste concrete, leveraging the differing impact resistances of aggregates and cementitious materials. Surface treatment consists of using water jet to remove impurities and discarded parts from the concrete surface, thereby improving its surface properties. Water jet input parameters (e.g. water jet pressure, nozzle traverse speed, standoff distance, different forms of water jet) and concrete properties (e.g. compressive strength, steel or fiber content) could affect the crushing efficiency and surface roughness. The findings provide inspirational insights for engineers, designers, and industry stakeholders to overcome technical challenges in construction engineering and further promote the application of water jet technology on concrete.</subfield>
   </datafield>
   <datafield ind2=" " ind1=" " tag="520">
      <subfield code="a">The authors would like to thank the Natural Science Foundation of China (grant number: 52478277), the Fundamental Research Funds for the Central Universities (funding number: 22120240653, Tongji University), and the Multi-disciplinary Research Project (funding number: 2023-2-YB-02, Tongji University).</subfield>
   </datafield>
   <datafield ind2=" " ind1=" " tag="520">
      <subfield code="a">Peer Reviewed</subfield>
   </datafield>
   <datafield ind2=" " ind1=" " tag="520">
      <subfield code="a">Postprint (published version)</subfield>
   </datafield>
   <datafield tag="653" ind2=" " ind1=" ">
      <subfield code="a">Àrees temàtiques de la UPC::Enginyeria civil::Materials i estructures</subfield>
   </datafield>
   <datafield tag="653" ind2=" " ind1=" ">
      <subfield code="a">Water jet</subfield>
   </datafield>
   <datafield tag="653" ind2=" " ind1=" ">
      <subfield code="a">Concrete</subfield>
   </datafield>
   <datafield tag="653" ind2=" " ind1=" ">
      <subfield code="a">Crushing</subfield>
   </datafield>
   <datafield tag="653" ind2=" " ind1=" ">
      <subfield code="a">Granulation</subfield>
   </datafield>
   <datafield tag="653" ind2=" " ind1=" ">
      <subfield code="a">Surface treatment</subfield>
   </datafield>
   <datafield ind2="0" ind1="0" tag="245">
      <subfield code="a">The application of water jet technology on concrete: a review</subfield>
   </datafield>
</record></metadata></record></GetRecord></OAI-PMH>